| 000 | 00456nam a22001457a 4500 | ||
|---|---|---|---|
| 022 | _a0893121258 | ||
| 082 |
_a624.1824 _bCIR _cN-01, P-89 |
||
| 110 |
_aPortland Cement Association _920051 |
||
| 245 |
_aCircular concrete tanks without prestressing / _cPortland Cement Association. |
||
| 260 |
_aIndia : _bPortland Cement Association, _c1993. |
||
| 300 | _aMisc Pages | ||
| 526 |
_a0 _b0 _c0 _d624_182400000000000_CIR |
||
| 650 |
_aMCE _9379 |
||
| 942 |
_2ddc _cBK |
||
| 999 |
_c546922 _d546922 |
||